000 00844nam a2200253Ia 4500
003 OSt
005 20220927115018.0
006 a|||||r|||| 00| 0
007 ta
008 220926b |||||||| |||| 00| 0 eng d
024 _a41174
037 _cThesis and Dissertations
040 _aRTL
_cRTL
_beng
041 _2eng
_aeng
082 _a"X:1:(D6,9(B),2775, P3/Th"
100 _aRoy Kausik
_9389939
245 0 _a"Network externality, upgradationa and compativilit"
260 _aDelhi
_bUniversity of Delhi
_c2003
300 _a66p
_ccm.
490 _a"University of Delhi, Economics (Deptt of-), Dissertation. Dissertation, University of Delhi, Economics (Deptt of-)"
650 _aConsumption Economics
942 _h"X:1:(D6,9(B),2775, P3/Th"
_cCC
999 _c705365
_d705365